Представление документа в формате MARC21

Поле Инд. ПП Название Значение
Тип записи m
Библиографический уровень m
001 Контрольный номер RU/LIBMSTU/385044518
005 Дата корректировки 20230131140600.5
008 Кодируемые данные 121030|||||||||ru |||||||||||000|||rus||
040 b Код языка каталог. rus
e Правила каталог. PSBO
041 0_ a Код языка текста rus
084 a Индекс другой классификации/Индекс ББК 30.121+22.3
245 10 a Заглавие Механика
b Продолж. заглавия метод. указания к выполнению курсовой работы для студентов всех форм обучения по специальности 140106.65 "Энергообеспечение предприятий"
c Ответственность Федер. агентство по рыболовству, Мурман. гос. техн. ун-т, Каф. техн. механики ; сост. И. А. Курносова
h Физич. носитель Электронный ресурс
256 a Характеристики компьютерного файла Электрон. текстовые дан. (1 файл : 5.8 Мб)
260 a Место издания Мурманск
b Издательство Изд-во МГТУ
c Дата издания 2011
500 10 a Примечание Доступ из локальной сети Мурман. гос. техн. ун-та. - Загл. с экрана
583 x Служебное примечание Полнотекстовые документы
x Служебное примечание Труды преподавателей МГТУ
z Открытое примечание 140000
z Открытое примечание 13.00.00
653 1_ a Ключевые слова Изгиб; Кручение; Методические указания; Механика; Неразъемные соединения; Растяжение и сжатие; Электронные версии
a Ключевые слова Труды преподавателей МГТУ
856 0_ u URL https://elib.mauniver.ru/2011/M_11_79.pdf
901 t Тип документа m
952 c Вид литературы учебно-методическое издание